00207nam a2200073Ia 4500008004100000100002300041245005300064260001600117170523s9999 xx 000 0 und d aLigh- Michael Hale 0aTools and Techniques for Fighting Malicious Cods aWiley India